000 00298nam a22001337a 4500
008 170925b xxu||||| |||| 00| 0 eng d
020 _a9780898794632
041 _aeng
080 _a37
100 _a46
101 _aEDU
245 _aHANDBOOK OF SHORT STORY WRITING
_cUPDIKE,J
942 _2udc
_cBK
999 _c29484
_d29484